000 00256nam a2200097Ia 4500
001 703320
005 20250826162349.0
008 250824s9999 xx 000 0 und d
245 0 _aÇOCUKLAR GİBİ GÜZEL MASALLAR
_cVURAL KAYA
260 _bYEDİVEREN YAYINLARI
999 _c703320
_d703320